000 01184nam a22003257a 4500
003 CHAP
005 20220329134418.0
008 971013s1974 r 00010 d
010 _a20146
011 _a21118
035 _a25207
040 _cCHAP
082 _a664.92
_bC4Y
110 _aCentro Técnico de la Salazón, Charcutería y Conservas de Carne. Paris
_921274
245 _aMétodos de análisis de la industria charcutera
260 _aZaragoza :
_bAcribia,
_c1974
300 _a152 p.
590 _aBATCH-UPD
_b10
_c20130110
_lUCH01
_h1201
590 _aBATCH-UPD
_b10
_c20130410
_lUCH01
_h0743
590 _aBATCH-UPD
_b10
_c20130914
_lUCH01
_h0846
590 _aCONVERSION
_b10
_c20130109
_lUCH01
_h1312
650 1 4 _aCarne
_xAnálisis.
_919061
650 1 4 _aEmbutidos.
_936500
901 _aBK
942 _cLIBRO
949 _a664.92 C4Y
_bBC
_cLIBRO
_d33724000131553
_eLIBRO
_fc.3
_h39150
_i25207
_si
_t115.00
949 _a664.92 C4Y
_bBC
_cLIBRO
_d33724000660619
_eLIBRO
_fc.4
_h45698
_i25207
_si
_t115.00
949 _a664.92 C4Y
_bBC
_cLIBRO
_d33724000660627
_eLIBRO
_fc.2
_h36925
_i25207
_si
_t115.00
949 _a664.92 C4Y
_bBC
_cLIBRO
_d33724000660635
_eLIBRO
_h35085
_i25207
_si
_t115.00
999 _c20146
_d20146